|
|
|
|
| LEADER |
00000naa2a2200000 4500 |
| 001 |
175935 |
| 005 |
20231031165154.0 |
| 035 |
|
|
|a (RuTPU)RU\TPU\book\190734
|
| 035 |
|
|
|a RU\TPU\tpu\951
|
| 090 |
|
|
|a 175935
|
| 100 |
|
|
|a 20100218d1967 k y0rusy50 ca
|
| 101 |
0 |
|
|a rus
|
| 102 |
|
|
|a RU
|
| 200 |
1 |
|
|a Некоторые физические свойства радиационно возбужденных твердых растворов KCl-KBr
|f Е. К. Завадовская [и др.]
|
| 463 |
|
0 |
|0 (RuTPU)RU\TPU\book\179074
|t Тезисы докладов межвузовской конференции по вопросам радиационной физики, Томск, 5-10 июня 1967 г.
|f Томский политехнический институт (ТПИ) ; под ред. А. А. Воробьева
|v С. 61
|d 1967
|p 143 с.
|
| 610 |
1 |
|
|a физика
|
| 610 |
1 |
|
|a труды учёных ТПУ
|
| 701 |
|
1 |
|a Завадовская
|b Е. К.
|c российский физик
|c профессор кафедры физики твердого тела Томского политехнического института
|f 1913-2004
|g Екатерина Константиновна
|2 stltpush
|3 (RuTPU)RU\TPU\pers\19787
|
| 701 |
|
1 |
|a Анненков
|b Ю. М.
|c профессор каф. электроизоляционной и кабельной техники (ЭИКТ) ЭЛТИ, ТПУ
|c доктор физико-математических наук
|f 1940-
|g Юрий Михайлович
|2 stltpush
|3 (RuTPU)RU\TPU\pers\25662
|
| 701 |
|
1 |
|a Франгульян
|b Т. С.
|c специалист в области электроники, диэлектриков и полупроводников
|c ведущий научный сотрудник Томского политехнического университета, кандидат физико-математических наук
|f 1940-
|g Тамара Семёновна
|2 stltpush
|3 (RuTPU)RU\TPU\pers\26534
|
| 701 |
|
1 |
|a Гришуков
|b В. А.
|
| 801 |
|
0 |
|a RU
|b 63413507
|c 20011210
|g PSBO
|
| 801 |
|
2 |
|a RU
|b 63413507
|c 20170124
|g PSBO
|
| 942 |
|
|
|c BK
|